000 01584nam0a2200373 4500
001 RU\NLR\BIBL_A\011739254
005 20180706151125.0
010 _a978-5-00074-192-4
_92000
021 _aRU
_bКН-П-18-038246
_9КН-П-18-2755
035 _a(NLR Aleph) 011739254
035 _a(RuMoRGB)009642527
090 _a11569734
_c11569734
100 _a20180628d2018 k y0rusy50 ca
101 1 _arus
_ceng
102 _aRU
105 _aa|||z|||001zy
200 1 _aСознание и мозг
_eкак мозг кодирует мысли
_fСтанислас Деан
_g[перевод с английского: Ирина Ющенко]
210 _aМосква
_cКарьера Пресс
_d2018
215 _a415 с.
_cил.
_d24
300 _aЗагл. и авт. ориг.: Consciousness and the brain / Stanislas Dehaene
320 _aБиблиогр. в примеч.: с. 348-367
320 _aБиблиогр.: с. 368-401
320 _aТемат. указ.: с. 403-412
454 1 _12001#$aConsciousness and the brain$fStanislas Dehaene
_1700#1$aDehaene$bS.$f1965-$gStanislas
_tConsciousness and the brain
_aDehaene, Stanislas (1965-)
606 1 _aГоловной мозг
_xПсихологические исследования
_91010675
_3RU\NLR\AUTH\66384697
606 1 _aСознание
_9929281
_3RU\NLR\AUTH\6623327
686 1 _aЮ933
686 1 _aЮ932.2
700 1 _aДеан
_bС.
_f1965-
_gСтанислас
942 _cBOOK
980 _aNBR
980 _aNB